[Event "AUTO-OPEN-494"]
[Site "http://www.queenalice.com/game.php?id=146210"]
[Date "2006.12.25"]
[Round "1"]
[White "Zanshin12"]
[Black "CampbellMarcel"]
[Result "1-0"]
[WhiteElo "1132"]
[BlackElo "400"]

1. e4 d5 2. Nc3 d4 3. Nd5 c6 4. Nb4 c5 5. Nd5 e6 6. Bb5+ Bd7 7. Bxd7+ Qxd7 8.
Nf4 e5 9. Nd5 Ne7 10. c4 Ng6 11. Nf3 Be7 12. d3 O-O 13. O-O Bh4 14. Nxh4 Nxh4
15. Qh5 Ng6 16. b3 Re8 17. Bd2 Nc6 18. Rab1 Nce7 19. Bg5 f6 20. Bd2 Nxd5 21.
cxd5 1-0

[Event "Challenge"]
[Site "http://www.queenalice.com/game.php?id=147498"]
[Date "2006.12.28"]
[Round "-"]
[White "Zanshin12"]
[Black "alexchess"]
[Result "0-1"]
[WhiteElo "1290"]
[BlackElo "1175"]

1. e4 c5 2. Bc4 e6 3. d3 Nc6 4. Nf3 a6 5. O-O b5 6. Bb3 g6 7. Nc3 e5 8. Bd5 Bb7
9. Bxc6 Bxc6 10. a4 Nf6 11. axb5 axb5 12. Rxa8 Qxa8 13. b3 b4 14. Na4 Bxa4 15.
bxa4 Qxa4 16. Qd2 Be7 17. Nxe5 O-O 18. Qe2 Bd6 19. Nc4 Bc7 20. Bh6 Re8 21. Bg5
Nh5 22. Rc1 d5 23. Nd2 dxe4 24. dxe4 Nf4 25. Qc4 Rc8 26. Qxc5 Ne2+ 27. Kf1 Nxc1
28. Qe7 Qa6+ 29. Ke1 Qe2# 0-1

[Event "Challenge"]
[Site "http://www.queenalice.com/game.php?id=147499"]
[Date "2006.12.28"]
[Round "-"]
[White "alexchess"]
[Black "Zanshin12"]
[Result "1-0"]
[WhiteElo "1090"]
[BlackElo "1428"]

1. b3 e5 2. Bb2 Nc6 3. e4 Nf6 4. Bb5 Nxe4 5. Bxc6 dxc6 6. Bxe5 Bc5 7. d4 Bb4+ 8.
Kf1 O-O 9. Qd3 Qh4 10. g3 Qg4 11. f3 Nxg3+ 12. hxg3 Qe6 13. Qxh7# 1-0

[Event "AUTO-BEG-65"]
[Site "http://www.queenalice.com/game.php?id=158402"]
[Date "2007.1.24"]
[Round "1"]
[White "Zanshin12"]
[Black "x_3mta3"]
[Result "1-0"]
[WhiteElo "1180"]
[BlackElo "1115"]

1. e4 Nf6 2. e5 Ne4 3. Nc3 Nxc3 4. dxc3 d6 5. Qd4 Nc6 6. Qe4 dxe5 7. Bb5 h5 8.
Nf3 f5 9. Qc4 a6 10. Bxc6+ bxc6 11. Qxc6+ Qd7 12. Qxa8 e6 13. Nxe5 Qd6 14. Qxc8+
Ke7 15. Bg5# 1-0

[Event "AUTO-BEG-65"]
[Site "http://www.queenalice.com/game.php?id=158403"]
[Date "2007.1.24"]
[Round "1"]
[White "x_3mta3"]
[Black "Zanshin12"]
[Result "1-0"]
[WhiteElo "994"]
[BlackElo "1210"]

1. c4 e5 2. d3 Bb4+ 3. Bd2 Nc6 4. a3 Bc5 5. Be3 Nd4 6. g4 d6 7. Qa4+ c6 8. b4
Bb6 9. c5 dxc5 10. bxc5 Ba5+ 11. Bd2 Bxd2+ 12. Nxd2 Bxg4 13. e3 Nb5 14. Qxg4 Nf6
15. Qf5 O-O 16. Ngf3 Nd7 17. Ng5 g6 18. Qh3 Qxg5 19. Ne4 Qe7 20. f4 Nxc5 21. Ng5
Nxd3+ 22. Bxd3 Nc3 23. Qxh7# 1-0

[Event "AUTO-BEG-65"]
[Site "http://www.queenalice.com/game.php?id=158404"]
[Date "2007.1.24"]
[Round "1"]
[White "Zanshin12"]
[Black "rodrigohuii"]
[Result "0-1"]
[WhiteElo "1155"]
[BlackElo "1371"]

1. e4 e5 2. Nf3 Nf6 3. Nc3 d6 4. Bc4 Be7 5. d3 Nc6 6. O-O Nd4 7. Be3 Bg4 8. Bxd4
Bxf3 9. Qxf3 exd4 10. Nd5 c6 11. Nxf6+ Bxf6 12. c3 O-O 13. Qh5 d5 14. exd5 dxc3
15. bxc3 cxd5 16. Bxd5 Bxc3 17. Rac1 g6 18. Qf3 Bd2 19. Rc2 Bh6 20. Bxb7 Rb8 21.
Bd5 Rb5 22. Bc4 Rf5 23. Qe4 Re8 24. Qb7 Re7 25. Qb4 Bf8 26. Qd2 Rd7 27. Qc3 Bg7
28. Qb4 Bf8 29. Qb3 Bd6 30. d4 Qh4 31. Qh3 Qxd4 32. Qc3 Qe5 33. Re1 Qxh2+ 34.
Kf1 Qh1+ 35. Ke2 Re5+ 36. Kf3 Rxe1 37. Qf6 Qh5+ 38. g4 Qh3# 0-1

[Event "AUTO-BEG-65"]
[Site "http://www.queenalice.com/game.php?id=158405"]
[Date "2007.1.24"]
[Round "1"]
[White "rodrigohuii"]
[Black "Zanshin12"]
[Result "0-1"]
[WhiteElo "1368"]
[BlackElo "1121"]

1. e4 e5 2. Nc3 Nf6 3. Nf3 Nc6 4. h3 Bc5 5. Bb5 O-O 6. O-O d6 7. d3 a6 8. Bxc6
bxc6 9. a3 Be6 10. d4 Bb6 11. d5 cxd5 12. exd5 Bd7 13. Bg5 Bb5 14. Bxf6 Qxf6 15.
a4 Bxf1 16. Ne4 Qf5 17. Nfg5 Bc4 18. Qh5 h6 19. Ng3 Qxf2+ 20. Kh2 Bxd5 21. Nf3
e4 22. Rf1 Qxc2 23. Nf5 exf3 24. Ne7+ Kh7 25. Qg4 Be6 26. Qxf3 Qxb2 27. Rf2 Bxf2
28. Qe4+ g6 29. Nc6 Rae8 30. Nb4 Bf5 31. Qf3 Qxb4 32. Qxf2 Qe1 33. Qxe1 Rxe1 0-1

[Event "AUTO-BEG-65"]
[Site "http://www.queenalice.com/game.php?id=158406"]
[Date "2007.1.24"]
[Round "1"]
[White "Zanshin12"]
[Black "Facu"]
[Result "0-1"]
[WhiteElo "1132"]
[BlackElo "1347"]

1. e4 e5 2. Nf3 Nc6 3. Nc3 Nf6 4. Bb5 a6 5. Bxc6 dxc6 6. Nxe5 Bc5 7. d3 Ng4 8.
Nxg4 O-O 9. O-O Qh4 10. Be3 Bxg4 11. Qd2 Bd6 12. h3 Bxh3 13. gxh3 Qxh3 14. Bf4
f6 15. Bxd6 cxd6 16. Ne2 f5 17. Nf4 Qg4+ 18. Kh2 fxe4 19. f3 exf3 20. Rg1 Qh4+
21. Nh3 f2 22. Rgd1 Rf3 0-1

[Event "AUTO-BEG-65"]
[Site "http://www.queenalice.com/game.php?id=158407"]
[Date "2007.1.24"]
[Round "1"]
[White "Facu"]
[Black "Zanshin12"]
[Result "0-1"]
[WhiteElo "1341"]
[BlackElo "1146"]

1. e4 e5 2. Nf3 Nc6 3. Nc3 Nf6 4. Bc4 Bc5 5. O-O O-O 6. d3 d6 7. h3 Qe7 8. Ng5
Nd8 9. Na4 Ne6 10. Bb5 Nd7 11. c3 Nxg5 12. b4 Bb6 13. Nxb6 Nxb6 14. h4 Ne6 15.
g3 c5 16. f4 a6 17. Bc4 Nxc4 18. dxc4 cxb4 19. f5 Nc5 20. Bg5 f6 21. Be3 bxc3
22. Qc2 d5 23. exd5 b5 24. Qxc3 Na4 25. Qd2 bxc4 26. d6 Qb7 27. Rab1 Qe4 28. d7
Bxd7 0-1

[Event "Challenge"]
[Site "http://www.queenalice.com/game.php?id=164431"]
[Date "2007.2.6"]
[Round "-"]
[White "Zanshin12"]
[Black "smumustang"]
[Result "1-0"]
[WhiteElo "1174"]
[BlackElo "1216"]

1. d4 e6 2. d5 Nf6 3. Nc3 Bb4 4. Bd2 O-O 5. e4 b6 6. Nf3 c6 7. dxc6 Nxc6 8. Bc4
Bxc3 9. Bxc3 Nd5 10. exd5 exd5 11. Bxd5 Ba6 12. Bxc6 dxc6 13. Qxd8 Raxd8 14. Bd2
Rfe8+ 15. Kd1 f6 16. c3 c5 17. Kc2 c4 18. b3 cxb3+ 19. axb3 Be2 20. Nd4 Bg4 21.
Rxa7 b5 22. Nxb5 Re2 23. Nd4 Rxf2 24. Rg1 h6 25. h3 1-0

[Event "AUTO-OPEN-494"]
[Site "http://www.queenalice.com/game.php?id=206859"]
[Date "2007.5.6"]
[Round "2"]
[White "Gambitshark"]
[Black "Zanshin12"]
[Result "1-0"]
[WhiteElo "2516"]
[BlackElo "1195"]

1. a3 e5 2. e4 Nf6 3. Nc3 Nc6 4. f4 exf4 5. Nf3 Bc5 6. d4 Bb6 7. d5 Ne7 8. Bxf4
O-O 9. Qd2 Ng6 10. Be3 Ng4 11. Bxb6 cxb6 12. d6 Qf6 13. O-O-O N6e5 14. h3 Nh6
15. Nxe5 Qxe5 16. g4 b5 17. g5 Ng4 18. hxg4 f6 19. gxf6 Rxf6 20. Kb1 1-0

[Event "AUTO-OPEN-494"]
[Site "http://www.queenalice.com/game.php?id=206860"]
[Date "2007.5.6"]
[Round "2"]
[White "Zanshin12"]
[Black "Gambitshark"]
[Result "0-1"]
[WhiteElo "1195"]
[BlackElo "2517"]

1. e4 d5 2. exd5 Nf6 3. Bb5+ Bd7 4. Bc4 c6 5. dxc6 Nxc6 6. Nf3 Na5 7. d3 Nxc4 8.
dxc4 Bc6 9. O-O Qc7 10. Nc3 e6 11. Re1 Be7 12. Ne5 O-O 13. Bf4 Rfd8 14. Qe2 Rd4
15. Qe3 Qb6 16. Rad1 Bc5 17. Nxc6 Rxd1 18. Rxd1 Bxe3 0-1

[Event "AUTO-OPEN-494"]
[Site "http://www.queenalice.com/game.php?id=206875"]
[Date "2007.5.6"]
[Round "2"]
[White "CampbellMarcel"]
[Black "Zanshin12"]
[Result "1-0"]
[WhiteElo "400"]
[BlackElo "1162"]

1. e4 e5 2. Nf3 Nc6 3. Bc4 Nf6 4. Nc3 Nxe4 5. Bxf7+ Kxf7 6. Nxe4 d5 7. Neg5+ Ke7
8. b3 h6 9. d3 Qd6 10. a4 g6 11. Qd2 hxg5 12. Ba3 Nb4 13. Bxb4 c5 14. Qxg5+ Kf7
15. Bxc5 Qxc5 16. Nxe5+ Ke6 17. Nxg6 Rg8 18. Nf4+ 1-0

[Event "AUTO-OPEN-494"]
[Site "http://www.queenalice.com/game.php?id=206876"]
[Date "2007.5.6"]
[Round "2"]
[White "Zanshin12"]
[Black "CampbellMarcel"]
[Result "0-1"]
[WhiteElo "1132"]
[BlackElo "430"]

1. e4 e5 2. Nf3 Nf6 3. Nc3 Bc5 4. d4 exd4 5. Nxd4 O-O 6. Bf4 Bb4 7. Bd3 d6 8.
O-O Bg4 9. Qd2 Nc6 10. Nf5 Bxf5 11. a3 Bxc3 12. Qxc3 Bg6 13. Rae1 Re8 14. Re3
Ng4 15. Rh3 Nge5 16. Bxe5 dxe5 17. b4 a6 18. f4 exf4 0-1

[Event "AUTO-BEG-65"]
[Site "http://www.queenalice.com/game.php?id=210071"]
[Date "2007.5.12"]
[Round "2"]
[White "Zanshin12"]
[Black "x_3mta3"]
[Result "0-1"]
[WhiteElo "1187"]
[BlackElo "1319"]

1. e4 d5 2. exd5 Qxd5 3. Nc3 Qf5 4. Bb5+ c6 5. Bd3 Qf6 6. Nf3 e5 7. O-O e4 8.
Bxe4 g5 9. d4 Qh6 10. Bxg5 Qh5 0-1